Music Quiz

Random Music or Song Quiz

Complete the '90s Song... With a Picture Quiz Stats

 Plays Quiz Updated Nov 12, 2018

     
Support Sporcle.
Go Orange.
Score 0/20 Timer 05:00
4,040 Plays Today
% Correct
BREAKFAST at Tiffany's
96.5%
BARBIE Girl
92.9%
GENIE In A Bottle
92.3%
Quit Playing GAMES
(With My Heart)
91.9%
Baby Got BACK
90.8%
Gonna Make You SWEAT
(Everybody Dance Now)
87.9%
Mama Said
KNOCK You Out
87.7%
Take a BOW
87.3%
Losing My RELIGION
86.1%
Kiss from a ROSE
84.6%
% Correct
Streets of PHILADELPHIA
83.7%
My NAME Is
83.7%
Champagne SUPERNOVA
78.3%
ANGEL of Mine
77.3%
Black HOLE Sun
73.5%
Mr. JONES
72.7%
CALIFORNIA Love
71.6%
No SCRUBS
70.9%
Karma POLICE
67.2%
Smells Like Teen SPIRIT
49.8%

From the Vault

Which of the Three (Gaming)

by DesertSpartan

Gaming 4m
Nobody tell number 4 that we had a quiz party without them.
Remove Ads.
Support Sporcle.
Get the best of Sporcle when you Go Orange. This ad-free experience offers more features, more stats, and more fun while also helping to support Sporcle. Thank you for becoming a member.

Show Comments

Extras

Top Quizzes Today


Score Distribution

Your Account Isn't Verified!

In order to create a playlist on Sporcle, you need to verify the email address you used during registration. Go to your Sporcle Settings to finish the process.

Report this User

Report this user for behavior that violates our Community Guidelines.

Details: